Wer hat's gesagt? - Statistiken

Allgemein
  • Dieses Quiz wurde 121 mal gespielt
  • Das Durchschnittsergebnis liegt bei 2 aus 15
Antwortstatistiken
Zitat Person % Korrekt
Zwei Dinge sind unendlich, das Universum und die menschliche Dummheit, aber bei dem Universum bin ich mir noch nicht ganz sicher. Albert Einstein
98%
Man sieht die Blumen welken und die Blätter fallen, aber man sieht auch Früchte reifen und neue Knospen keimen. Das Leben gehört den Lebendigen an, und wer lebt, muss auf Wechsel gefasst sein. Johann Wolfgang von Goethe
24%
Wie man nicht wehren kann, dass einem die Vögel über den Kopf herfliegen, aber wohl, dass sie auf dem Kopfe nisten, so kann man auch bösen Gedanken nicht wehren, aber wohl, dass sie in uns einwurzeln. Martin Luther
17%
Es gibt viele Gründe warum ich sterben würde, aber keiner warum ich töten würde. Mahatma Gandhi
13%
Jener glaubt etwas zu wissen, weiß aber nicht, ich weiß zwar auch nicht, glaube aber auch nicht zu wissen. Es gibt nur ein einziges Gut für den Menschen: das Wissen, und nur ein einziges Übel: Unwissenheit. Sokrates
13%
Wir sind nur eine etwas fortgeschrittene Brut von Affen auf einem kleinen Planeten, der um einen höchst durchschnittlichen Stern kreist. Aber wir können das Universum verstehen. Stephen Hawking
12%
Sei du selbst! Alle anderen sind bereits vergeben. Oscar Wilde
6%
Beklage nicht, was nicht zu ändern ist, aber ändere, was zu beklagen ist. William Shakespeare
6%
Niemand stirbt als Jungfrau... das Leben fickt uns alle. Kurt Cobain
5%
Wissen ist Macht. Francis Bacon
4%
Wenn du es träumen kannst, kannst du es auch tun. Walt Disney
4%
Gib jedem Tag die Chance, der schönste deines Lebens zu werden. Mark Twain
3%
Jeder dumme Junge kann einen Käfer zertreten. Aber alle Professoren der Welt können keinen herstellen. Arthur Schopenhauer
2%
Glück und Unglück sind zwei Zustände, deren äußerste Grenzen wir nicht kennen. John Locke
2%
Wenn jeder anstelle eines neuen Fernsehgeräts Frieden verlangen würde, dann würde es Frieden geben. John Lennon
1%
Keine übereinstimmenden Quizze gefunden
Verteilung der Resultate
Anzahl Personen mit jedem Resultat
Perzentil nach korrekt beantworteten Fragen
Ihre Resultats-Entwicklung
Sie haben dieses Quiz noch nicht gespielt